| 000 | 00936cam a2200289 i 4500 | ||
|---|---|---|---|
| 001 | 000019353 | ||
| 005 | 20200929170007.0 | ||
| 008 | 760730s1976 sp b 001 0 spa | ||
| 010 | _a 76471491 | ||
| 015 | _aSp*** | ||
| 020 | _a8437600642 | ||
| 040 |
_aDO-SdBNP _cDLC _dDLC |
||
| 050 | 0 | 0 |
_aPQ6575 _b.T7 1976 |
| 100 | 1 |
_aZorrilla, José, _d1817-1893. _94939 |
|
| 245 | 1 | 0 |
_aTraidor, inconfeso y mártir / _cJosé Zorrilla ; edición de Ricardo Senabre. |
| 260 |
_aMadrid : _bEdiciones Cátedra, _cc1976. |
||
| 300 |
_a186 p. ; _c18 cm. |
||
| 440 | 0 |
_aLetras hispánicas _94208 |
|
| 500 | _aA play. | ||
| 504 | _aBibliography: p. 39-41. | ||
| 500 | _aIncludes index. | ||
| 600 | 1 | 0 |
_aEspinosa, Gabriel de, _dd. 1595 _xDrama. _941587 |
| 700 | 1 |
_aSenabre, Ricardo. _94940 |
|
| 910 | _aCatalogación derivada / LC | ||
| 906 |
_a7 _bcbc _corignew _d3 _encip _f19 _gy-gencatlg |
||
| 991 |
_bc-GenColl _hPQ6575 _i.T7 1976 _tCopy 1 _wBOOKS |
||
| 999 |
_c18870 _d18870 |
||